000 00518nam a22001817a 4500
999 _c3675
_d3675
003 GBCCL
005 20241126110500.0
008 171201b xxu||||| |||| 00| 0 eng d
040 _cgbc
082 _aVER 253.092
_bTHU
100 _aThuamvung, K.
_97282
245 _aKa Pu' Gou:
_bA biography of Rev. K. Thuamvung /
_cCompiled by K. Vungsuanmang
260 _aLamka:
_bK. Vungzakhum,
_c2009
300 _a68p.;
_bill.,
_c20 cm.
650 _aThuamvung, K
_97282
650 _aChristian Biography
_91119
942 _2ddc
_cBK